[Event "21st Dubai Open 2019"]
[Site "Dubai"]
[Date "2019.04.08"]
[Round "8.20"]
[White "Santos Ruiz, Miguel"]
[Black "Sidhant, Mohapatra"]
[Result "1-0"]
[WhiteElo "2555"]
[BlackElo "2348"]
[Annotator "TA RC"]
[PlyCount "88"]
[EventDate "2019.04.01"]
[EventType "swiss"]
[EventCountry "UAE"]
[SourceTitle "playchess.com"]
[Source "ChessBase"]
[SourceQuality "1"]

{[%evp 22,88,19,16,39,37,41,0,9,0,0,0,0,3,16,11,10,16,64,68,66,63,114,114,317,138,148,151,147,146,144,150,144,150,154,156,143,127,239,239,239,239,262,262,262,254,488,327,316,300,773,770,712,685,564,430,1341,1279,1620,1620,29969,29970,29970,29971,29972,29973,29964,29962,29985]} 1. d4 d5 2. c4 c6 3. Nf3 Nf6 4. e3 e6 5. b3 Nbd7 6. Bd3 b6 7. O-O Bb7 8. Bb2 Be7 9. Nbd2 O-O 10. Qe2 c5 11. Rac1 Rc8 12. Rfd1 Rc7 {D30: Queen's Gambit Declined: Systems without Nc3} (12... cxd4 13. Nxd4 Nc5 14. Bb1 Qd7 15. N4f3 Rfd8 16. e4 dxc4 17. Nxc4 Qc7 18. Rxd8+ Rxd8 19. Nce5 Qd6 20. Ng5 {½-½ (105) Mikhalevski,V (2538)-Akobian,V (2647) Caleta 2018}) 13. cxd5 Nxd5 14. Bb1 cxd4 {The position is equal.} 15. Nxd4 Rxc1 $146 ({Predecessor:} 15... Qb8 16. Nc4 Ba6 17. Nxe6 fxe6 18. Qg4 N7f6 19. Qxe6+ Kh8 20. Rxd5 Nxd5 21. Qh6 {1-0 (21) Stern,R (2522)-Verbitzky,J (1739) Berlin 2017}) 16. Rxc1 Nc5 17. Ne4 Nf6 18. Nxf6+ $40 {[%mdl 128] White attacks.} Bxf6 19. b4 Ne4 20. f3 Nd6 21. Rd1 {And now Nb5 would win.} Qc7 {[#]} (21... Qe7 $14) 22. Qd3 $1 $16 {[%csl Gb1][%cal Rd3h7]} g6 $2 {[#]} (22... Rc8 $16) 23. Nxe6 (23. Nb5 $1 $18 {[%cal Rb5c7] is the precise move to win.} Nxb5 24. Bxf6) 23... fxe6 24. Bxf6 Rxf6 25. Qxd6 Qxd6 26. Rxd6 $18 {[%mdl 4096] Endgame KRB-KRB} Kf8 27. Rd8+ Ke7 28. Rb8 Bc6 29. Kf2 Rf8 (29... Rf7 $16 30. e4 Kd6) 30. Rxf8 Kxf8 {KB-KB} 31. g4 Ke7 32. g5 Kd6 33. h4 a5 $2 (33... Bd5 {might work better.} 34. a3 e5) 34. a3 Be8 35. Be4 e5 $2 (35... Bf7 36. f4 Be8) 36. h5 Ke7 37. Kg3 Bf7 38. f4 Kd6 (38... exf4+ $142 39. exf4 (39. Kxf4 Kd6 $16) 39... Kf8 40. bxa5 bxa5) 39. h6 exf4+ 40. exf4 axb4 41. axb4 {White mates.} Bg8 42. Kg4 Ke6 43. Bc2 Kd6 44. f5 Kd5 {Accuracy: White = 75%, Black = 25%.} 1-0

[Event "21st Dubai Open 2019"]
[Site "Dubai"]
[Date "2019.04.08"]
[Round "8.21"]
[White "Bellahcene, Bilel"]
[Black "Nitish Belurkar"]
[Result "1-0"]
[WhiteElo "2538"]
[BlackElo "2327"]
[Annotator "TA"]
[PlyCount "108"]
[EventDate "2019.04.01"]
[EventType "swiss"]
[EventCountry "UAE"]
[SourceTitle "playchess.com"]
[Source "ChessBase"]
[SourceQuality "1"]

{[%evp 16,108,19,14,3,12,12,16,17,0,9,-8,0,-8,22,18,55,51,77,76,89,91,77,77,72,79,88,79,135,135,147,135,126,120,147,154,154,151,303,275,379,387,431,435,412,366,439,393,616,600,638,496,627,0,556,325,479,466,418,221,361,222,749,746,756,746,745,742,722,743,746,739,737,751,748,727,713,715,711,733,737,722,755,736,897,891,1177,786,1114,877,29985,29986,29985,3081,2358]} 1. e4 e6 2. d4 d5 3. Nc3 Nf6 4. e5 Nfd7 5. f4 c5 6. Nf3 Nc6 7. Be3 a6 8. Qd2 b5 9. a3 Qa5 {C11: French: Classical System: 4 e5 and 4 Bg5 dxe4} 10. Be2 b4 11. Nd1 c4 {The position is equal.} 12. c3 $146 ({Predecessor:} 12. a4 c3 13. bxc3 bxc3 14. Qc1 Nb6 15. O-O Bd7 16. Bf2 Nxa4 17. Be1 {1-0 (55) Anand,V (2786)-Ivanchuk,V (2711) Monte Carlo 2005}) 12... bxa3 13. bxa3 Rb8 14. Qc2 Qc7 ({But not} 14... Bxa3 $2 15. O-O $18) 15. O-O f5 16. g4 g6 17. gxf5 exf5 18. Bf2 Bh6 19. Ng5 Bxg5 20. fxg5 Nb6 21. Ne3 {[%cal Bd1e3,Be3g2,Bg2f4][%mdl 32]} Be6 ({Black should try} 21... O-O) 22. h4 Na5 23. Ng2 Nb3 24. Ra2 a5 25. Nf4 Qc6 26. Bg3 a4 $2 (26... Kd8 $16 {might work better.} 27. Rf2 Kc7) 27. h5 $18 Kf7 28. Bf3 Qd7 29. Qh2 Qe7 30. Qh4 Rbe8 31. Kg2 Kg7 (31... Qd8 $142 32. Kg1 Na8) 32. Rh1 Na5 33. Bd1 Nb3 34. Bf3 $2 (34. Kg1 $18) 34... Qd7 $2 {[%mdl 8192]} (34... Na5 $1 $11 {and Black is okay.} 35. Kf1 Nc6) 35. Bf2 Na8 (35... Nc8 $142 36. Bg3 Ne7) 36. Kg3 Nc7 37. Be1 (37. Be3 $142) 37... Qd8 (37... Bf7 $142 38. Rah2 Qd8) 38. Rah2 {[#] And now hxg6 would win.} Ref8 $2 (38... Bf7 39. Kf2 Nc1) 39. hxg6 hxg6 40. Qh7+ Rxh7 41. Rxh7+ Kg8 42. Rh8+ Kf7 43. R1h7+ Ke8 44. Rxf8+ Kxf8 45. Nxg6+ Ke8 46. Rh8+ {[%mdl 64] [#] Skewer} Kd7 47. Rxd8+ Kxd8 48. Nf4 Kd7 49. g6 Na1 50. Bd2 Nb3 51. Be3 Ke7 52. Kh4 Nb5 53. Nxe6 Kxe6 54. Bxd5+ (54. Bh5 $142 Nc7 55. g7 Kd7 56. g8=Q Kc6 57. Qf7 Na5 58. e6 Nb5 59. Qd7+ Kb6 60. e7) 54... Kxd5 {Accuracy: White = 68%, Black = 17%.} 1-0

[Event "21st Dubai Open 2019"]
[Site "Dubai"]
[Date "2019.04.08"]
[Round "8.22"]
[White "Chanda, Sandipan"]
[Black "Priyanka Nutakki"]
[Result "1-0"]
[WhiteElo "2521"]
[BlackElo "2313"]
[Annotator "ChessBase"]
[PlyCount "83"]
[EventDate "2019.04.01"]
[EventType "swiss"]
[EventCountry "UAE"]
[SourceTitle "playchess.com"]
[Source "ChessBase"]
[SourceQuality "1"]
[TimeControl "5400+30"]

1. d4 {[%emt 0:00:00]} d5 {[%emt 0:00:00]} 2. Nf3 {[%emt 0:00:02]} Nf6 {[%emt 0:00:00]} 3. e3 {[%emt 0:00:14]} e6 {[%emt 0:00:53]} 4. Nbd2 {[%emt 0:00:19]} c5 {[%emt 0:00:59]} 5. a3 {[%emt 0:00:21]} Nc6 {[%emt 0:01:56]} 6. dxc5 {[%emt 0:00:29]} Bxc5 {[%emt 0:00:19]} 7. b4 {[%emt 0:00:09]} Bd6 {[%emt 0:03:00]} 8. c4 {[%emt 0:00:42]} O-O {[%emt 0:18:00]} 9. Bb2 {[%emt 0:00:44]} b6 {[%emt 0:04:18]} 10. cxd5 {[%emt 0:04:05]} exd5 {[%emt 0:05:08]} 11. Bb5 {[%emt 0:04:29]} Bb7 {[%emt 0:02:03]} 12. Rc1 {[%emt 0:03:29]} Nb8 {[%emt 0:03:20]} 13. Nd4 {[%emt 0:12:35]} a6 {[%emt 0:02:19]} 14. Ba4 {[%emt 0:08:52]} b5 {[%emt 0:03:55]} 15. Bc2 {[%emt 0:02:13]} Nbd7 {[%emt 0:00:57]} 16. f4 {[%emt 0:03:59]} Re8 {[%emt 0:03:24]} 17. Qf3 {[%emt 0:02:59]} Bf8 {[%emt 0:08:43]} 18. O-O {[%emt 0:05:06]} Nb6 {[%emt 0:05:24]} 19. Qg3 {[%emt 0:08:48]} Rc8 {[%emt 0:12:15]} 20. Nf5 {[%emt 0:01:44]} g6 {[%emt 0:01:25]} 21. Qg5 {[%emt 0:03:00]} Nh5 {[%emt 0:06:46]} 22. Nh6+ {[%emt 0:05:25]} Bxh6 {[%emt 0:00:03]} 23. Qxh6 {[%emt 0:00:08]} Qe7 {[%emt 0:03:37]} 24. Bd4 {[%emt 0:01:10]} Nc4 {[%emt 0:00:38]} 25. g4 {[%emt 0:12:35]} Nxd2 {[%emt 0:08:06]} 26. gxh5 {[%emt 0:00:08]} Qf8 {[%emt 0:00:03]} 27. Qg5 {[%emt 0:01:13]} Qe7 {[%emt 0:00:19]} 28. Qg2 {[%emt 0:03:04]} Nxf1 {[%emt 0:03:09]} 29. Rxf1 {[%emt 0:01:05]} Rc4 {[%emt 0:02:57]} 30. hxg6 {[%emt 0:04:24]} fxg6 {[%emt 0:00:02]} 31. f5 {[%emt 0:00:16]} Rxc2 {[%emt 0:00:56]} 32. Qxc2 {[%emt 0:00:15]} Qg5+ {[%emt 0:00:21]} 33. Kh1 {[%emt 0:02:00]} Qg4 {[%emt 0:00:44]} 34. Rf4 {[%emt 0:02:27]} Qh5 {[%emt 0:00:29]} 35. Qc7 {[%emt 0:06:01]} Qd1+ {[%emt 0:00:05]} 36. Kg2 {[%emt 0:00:04]} Qe2+ {[%emt 0:00:03]} 37. Kg3 {[%emt 0:00:15]} Rxe3+ {[%emt 0:01:22]} 38. Bxe3 {[%emt 0:00:09]} Qxe3+ {[%emt 0:00:02]} 39. Kh4 {[%emt 0:00:30]} Qe1+ {[%emt 0:00:32]} 40. Kg5 {[%emt 0:00:20]} Qg1+ {[%emt 0:00:10]} 41. Kf6 {[%emt 0:00:24]} Qa1+ {[%emt 0:00:07]} 42. Qe5 {[%emt 0:00:21]} 1-0

[Event "21st Dubai Open 2019"]
[Site "Dubai"]
[Date "2019.04.08"]
[Round "8.24"]
[White "Srihari L R"]
[Black "Harsha Bharathakoti"]
[Result "1/2-1/2"]
[WhiteElo "2263"]
[BlackElo "2497"]
[Annotator "TA"]
[PlyCount "60"]
[EventDate "2019.04.01"]
[EventType "swiss"]
[EventCountry "UAE"]
[SourceTitle "playchess.com"]
[Source "ChessBase"]
[SourceQuality "1"]

{[%evp 10,60,6,0,108,109,113,97,118,127,131,98,112,47,52,56,50,4,14,6,19,0,13,6,18,0,0,0,15,-10,7,7,18,14,32,8,11,0,0,0,0,0,0,0,0,0,0,-40,0,0,0,0,0]} 1. d4 e6 2. Nf3 c5 3. c4 cxd4 4. Nxd4 Nf6 5. Nc3 Bb4 6. Ndb5 a6 {A32: Symmetrical English: 2 Nf3 Nf6 3 d4 cxd4 4 Nxd4 e6} (6... d5 $11 {remains equal.}) (6... d5 7. cxd5 Nxd5 8. e4 Nxc3 9. Qxd8+ Kxd8 10. bxc3 Bc5 11. Bf4 Nc6 12. O-O-O+ Ke7 13. Nc7 Rb8 14. Bb5 Bd7 15. Rd2 {0-1 (51) Lou,Y (2462)-Ju,W (2572) Caleta 2018}) 7. Nd6+ $16 Ke7 8. Bf4 Qb6 {[%cal Rb4d6] White is better.} 9. Qb3 Nh5 10. Bd2 Nc6 $146 ({Predecessor:} 10... Nf6 11. O-O-O Nc6 12. Bf4 Qa5 13. a3 Bxc3 14. Qxc3 Qxc3+ 15. bxc3 {0-1 (58) Svrsek,R (2190)-Sykora,J (2394) ICCF 2005}) 11. a3 (11. Nde4 $16) 11... Bc5 $14 12. Qxb6 Bxb6 13. Nxc8+ (13. Nf5+ {looks sharper.} Kf8 14. Be3 Bxe3 15. Nxe3 Nf6 16. g3) 13... Raxc8 14. e3 Nf6 15. Be2 Ne5 16. b3 d6 17. O-O g5 18. Rfd1 Ba7 19. h3 Rhg8 20. g3 h5 21. Kg2 g4 22. h4 Rgd8 23. Rac1 Bc5 24. Ra1 Ba7 25. Rac1 Bc5 26. Ra1 Rd7 27. Na4 Ne4 28. Bc1 Ba7 {With the idea ...b5!} (28... b5 $5 29. cxb5 axb5 30. Bxb5 Rdc7 $11) 29. Bb2 b5 30. Nc3 Nxc3 {Accuracy: White = 46%, Black = 53%.} 1/2-1/2

[Event "21st Dubai Open 2019"]
[Site "Dubai"]
[Date "2019.04.08"]
[Round "8.25"]
[White "Praveen Kumar C"]
[Black "Aditya Mittal"]
[Result "1-0"]
[WhiteElo "2225"]
[BlackElo "2457"]
[Annotator "TA"]
[PlyCount "149"]
[EventDate "2019.04.01"]
[EventType "swiss"]
[EventCountry "UAE"]
[SourceTitle "playchess.com"]
[Source "ChessBase"]
[SourceQuality "1"]

{[%evp 15,148,27,31,28,52,44,46,43,32,35,47,2,29,11,16,11,32,0,10,-25,0,0,0,0,-10,-9,0,0,64,-55,-55,-68,52,38,97,78,52,0,0,0,0,0,383,366,381,339,295,162,174,167,170,170,188,160,203,203,197,193,325,194,189,177,487,485,530,525,530,519,504,495,573,504,645,645,641,608,530,466,601,626,589,586,645,645,645,638,638,631,624,605,599,528,2182,1849,1777,1554,5536,4837,5427,4488,29958,29959,29963,29964,29965,29966,29965,29967,29974,29973,29964,29973,29975,29976,29974,29974,29974,29975,29974,29970,29974,29975,29987,29977,29989,29990,29990,29991,29991,29990,29997,29998,29998,29999,29999]} 1. d4 d5 2. c4 c6 3. Nf3 Nf6 4. e3 Bf5 5. Nc3 e6 6. Nh4 Be4 7. f3 Bg6 8. Qb3 Qc7 9. Bd2 {D12: Slav Defence: 3 Nf3 Nf6 4 e3 Bf5} a6 $146 (9... Be7 10. Rc1 Nbd7 11. g3 dxc4 12. Bxc4 O-O 13. Nxg6 hxg6 14. Be2 a6 15. O-O b5 16. a4 Qb6 17. axb5 axb5 {0-1 (28) Roiz,M (2605)-Giri,A (2783) St Petersburg 2018}) 10. Rc1 dxc4 11. Bxc4 {White is slightly better.} Be7 12. Nxg6 hxg6 13. g3 Nbd7 14. e4 b5 15. Be2 {White wants to play e5.} Qb6 16. Be3 (16. e5 $5 {[%cal Re5f6]} Nh5 17. Ne4 $11) 16... e5 17. Rd1 (17. Nd5 $5 cxd5 18. dxe5 $11) 17... Nh5 18. O-O exd4 $1 19. Bxd4 (19. Rxd4 Bc5 $17) 19... Bc5 20. Bf2 $36 {[%mdl 2048] And now Rxd7 would win. White is pushing.} Bxf2+ 21. Rxf2 {aiming for Rxd7!} O-O-O (21... Nhf6 $11) 22. Qc2 (22. Rdf1 $1 $14) 22... Nxg3 $15 23. Bxb5 (23. hxg3 Rh1+ $3 {[%mdl 512]} 24. Kg2 Rh2+ $3 {[%mdl 512]} 25. Kxh2 Qxf2+ 26. Kh3 Rh8+ 27. Kg4 Nf6+ 28. Kf4 Nh5+ 29. Ke5 Re8+ 30. Kd6 Re6#) 23... Nh5 (23... axb5 $15 24. Nd5 Qc5 25. Qxc5 Nxc5 26. hxg3 Kb7) 24. Bf1 $1 $14 Ne5 {[#]} (24... Nc5 $1 $14) 25. Nd5 $1 $16 {[%cal Rd5b6]} Qa7 26. f4 (26. Rd3 $14) 26... Nxf4 $1 $11 27. Nxf4 {Threatens to win with Nd3.} Nf3+ $1 28. Kg2 Rxd1 $4 {[%mdl 8192]} (28... Nh4+ $11 {and Black is okay.} 29. Kh1 Rxd1) 29. Rxf3 $18 ({Not} 29. Kxf3 Qd7 $18) 29... Qd7 {...Rd2+ is the strong threat.} 30. Bxa6+ Kd8 {White must now prevent ...Rd2+.} 31. Qxd1 ({Weaker is} 31. Rd3 Rxd3 32. Qxd3 g5 $16) (31. Be2 $142 Rd2 32. Qb3) 31... Qxd1 32. Rd3+ Qxd3 33. Nxd3 ({Don't do} 33. Bxd3 $6 g5 $16) 33... Kc7 34. Bc4 Rd8 35. b3 f6 36. a4 Kb6 (36... Kd6 $142 37. h4 Rh8) 37. Kg3 (37. e5 $142) 37... Re8 38. Nf2 f5 $2 (38... Kc5 {is more resistant.} 39. Nd3+ Kd4) 39. Bf7 Re7 40. Bxg6 fxe4 41. Bxe4 Kc5 42. Bd3 Kb4 43. Bc4 Re3+ 44. Kf4 Rc3 45. h4 Rc2 46. Ng4 Rc1 47. Ne5 {Nd3+ would kill now.} Rh1 48. Kg3 Kc5 49. a5 {[%cal Ba4a5,Ba5a6][%mdl 32]} Ra1 50. a6 Kb6 51. Kf4 Rh1 52. Kg5 Rg1+ 53. Ng4 g6 54. Be6 Rh1 55. Bf7 Rh3 56. Bxg6 Rxb3 57. h5 Rh3 58. h6 {White mates.} Rxh6 59. Nxh6 Kxa6 60. Kf4 Kb5 61. Ke3 Kc5 62. Kd3 Kd5 63. Ng4 c5 64. Bf7+ Kd6 65. Ke4 Kc6 66. Bc4 Kd6 67. Nf6 Kc6 68. Ke5 Kc7 69. Kd5 Kd8 70. Kd6 Kc8 71. Nd5 Kd8 72. Bb5 c4 73. Bd7 c3 74. Nf4 {[%cal Rf4e6]} c2 75. Ne6# {Accuracy: White = 63%, Black = 38%.} 1-0

[Event "21st Dubai Open 2019"]
[Site "Dubai"]
[Date "2019.04.08"]
[Round "8.26"]
[White "Divya Deshmukh"]
[Black "Jeet, Jain"]
[Result "1-0"]
[WhiteElo "2432"]
[BlackElo "2219"]
[Annotator "TA"]
[PlyCount "157"]
[EventDate "2019.04.01"]
[EventType "swiss"]
[EventCountry "UAE"]
[SourceTitle "playchess.com"]
[Source "ChessBase"]
[SourceQuality "1"]

{[%evp 27,157,47,41,27,30,20,25,14,7,-15,18,6,12,12,47,53,46,62,55,45,57,52,44,36,32,34,67,9,17,23,25,0,0,0,49,39,52,27,39,4,6,16,287,181,275,230,238,195,200,139,147,137,141,136,145,97,114,111,118,115,154,156,206,197,562,559,568,569,555,555,555,555,583,579,576,555,547,523,577,566,553,391,539,522,497,475,4061,3344,3072,2608,2495,2459,2427,2390,2070,1506,1909,1541,29971,29970,29981,29981,29981,29982,29985,29986,29987,29988,29988,29984,29984,29983,29982,29981,29981,29982,29981,29979,29976,29979,29981,29981,29985,29986,29987,29988,29989,29989,29995,29989,29998,29999]} 1. e4 e5 2. Nf3 Nc6 3. Bb5 a6 4. Ba4 Nf6 5. O-O Be7 6. Re1 b5 7. Bb3 d6 8. c3 O-O 9. h3 Na5 10. Bc2 c5 11. d4 Qc7 12. Nbd2 Bd7 13. Nf1 Nc4 14. b3 Nb6 15. Bg5 $146 {C97: Closed Ruy Lopez: Chigorin Defence: 11 d4 Qc7, sidelines} (15. Ne3 c4 16. Ba3 Rfe8 17. Qd2 Bf8 18. bxc4 Nxc4 19. Nxc4 bxc4 20. Rab1 Rab8 21. Rxb8 Rxb8 22. Bb4 h6 23. Rd1 {½-½ (39) So,W (2775)-Carlsen,M (2834) Doha 2015}) 15... c4 16. Be3 Rfb8 17. Qd2 {White has an edge.} a5 18. Reb1 cxb3 (18... b4 $5) 19. axb3 a4 20. Ng3 axb3 (20... Bd8 {is interesting.} 21. Qe1 h6 22. Bd2 axb3 23. Bxb3 Be7) 21. Bxb3 Nc4 22. Bxc4 bxc4 23. Rxb8+ Rxb8 24. dxe5 dxe5 25. Ra7 Qd6 26. Qa2 Be6 27. Ra6 (27. Ng5 $1 $14) 27... Qd1+ 28. Kh2 Nd7 29. Nd2 h6 30. Rc6 Qc1 31. Nxc4 Qxc3 32. Qa7 {aiming for Rxe6!} Rd8 ({But not} 32... Bxc4 $2 33. Qxd7 Bb5 34. Nf5 $18) 33. Na5 Qa3 34. Qc7 $36 {[%mdl 2048] Strongly threatening Rxe6! White is pushing.} Nb8 $2 {[%mdl 8192]} (34... Ra8 $11 {and Black stays safe.} 35. Rxe6 fxe6) 35. Bc5 Qxa5 (35... Bxc5 {is a better defense.} 36. Qxd8+ Kh7) 36. Qxa5 $18 Nxc6 37. Qb6 Rc8 38. Be3 Nb4 39. Qb5 Nc2 40. Ba7 Nd4 41. Qb1 ({Stronger than} 41. Qxe5 Nc6 $17) 41... Rd8 42. Qb7 Rd7 43. Qb8+ {[%mdl 64] [#] Double Attack} Rd8 44. Qxe5 Nc6 45. Qc7 Nxa7 $2 (45... Rc8 {is more resistant.} 46. Qb7 Bd6) 46. Qxe7 Nc6 47. Qc7 Rc8 48. Qd6 Na5 49. Qa6 Nb3 50. Nh5 Nc5 51. Qa1 {[%csl Gh5][%cal Ra1g7]} f6 52. e5 Bf7 53. Ng3 fxe5 54. Qxe5 {Nf5 is the strong threat.} Nd7 55. Qd4 Nf6 56. Nf5 {Black must now prevent Ne7+.} Kh7 (56... Rc4 $142 57. Nxh6+ Kh7) 57. Qa7 Rf8 58. Qe7 Kg8 {[#]} 59. Nxh6+ $1 {[%mdl 576] Deflection} gxh6 60. Qxf6 {[%mdl 4096] Endgame KQ-KRB} h5 61. f4 Ra8 62. g4 Ra2+ 63. Kg3 {White mates.} hxg4 64. hxg4 Ra3+ 65. Kh4 Re3 66. f5 Re1 67. Kg5 Rd1 68. Qh6 Rd5 69. Kh4 Rd1 70. Kg3 Rd3+ 71. Kh2 Rd7 72. Qg5+ Kf8 73. Qf4 Rb7 74. g5 Rb2+ 75. Kg3 Rb3+ 76. Kh4 Kg7 77. g6 Bg8 78. f6+ Kf8 79. Qd6+ {Accuracy: White = 63%, Black = 38%.} 1-0

[Event "21st Dubai Open 2019"]
[Site "Dubai"]
[Date "2019.04.08"]
[Round "8.27"]
[White "Blagojevic, Tijana"]
[Black "Shyaamnikhil P"]
[Result "0-1"]
[WhiteElo "2216"]
[BlackElo "2429"]
[Annotator "ChessBase"]
[PlyCount "76"]
[EventDate "2019.04.01"]
[EventType "swiss"]
[EventCountry "UAE"]
[SourceTitle "playchess.com"]
[Source "ChessBase"]
[SourceQuality "1"]
[TimeControl "5400+30"]

1. e4 c5 2. Nf3 d6 3. Bb5+ Nd7 4. O-O a6 5. Bd3 g6 6. c3 Qc7 7. Bc2 Bg7 8. d4 Ngf6 9. Re1 O-O 10. h3 e5 11. dxe5 dxe5 12. c4 b5 13. Nc3 bxc4 14. Nd2 Nb6 15. Qe2 Be6 16. Na4 Nxa4 17. Bxa4 Qa5 18. b3 Nh5 19. Nf3 Nf4 20. Bxf4 exf4 21. e5 Rad8 22. Ng5 Rd2 23. Qe4 Bd5 24. Qxf4 Rxa2 25. Ne4 Bxe4 26. Qxe4 cxb3 27. Rxa2 bxa2 28. Ra1 Bxe5 29. Rxa2 Bd4 30. Bb3 Qb4 31. Bd5 a5 32. Qe7 a4 33. g3 Bb2 34. h4 a3 35. h5 Qd4 36. Qd6 Qd1+ 37. Kg2 Qxh5 38. Bf3 Qg5 0-1

[Event "21st Dubai Open 2019"]
[Site "Dubai"]
[Date "2019.04.08"]
[Round "8.28"]
[White "Concio, Michael Jr."]
[Black "Tokhirjonova, Gulrukhbegim"]
[Result "0-1"]
[WhiteElo "2071"]
[BlackElo "2427"]
[Annotator "NA"]
[PlyCount "100"]
[EventDate "2019.04.01"]
[EventType "swiss"]
[EventCountry "UAE"]
[SourceTitle "playchess.com"]
[Source "ChessBase"]
[SourceQuality "1"]
[TimeControl "5400+30"]

1. c4 {[%emt 0:00:44]} e5 {[%emt 0:00:00]} 2. Nc3 {[%emt 0:00:23]} Nc6 {[%emt 0:00:31]} 3. g3 {[%emt 0:00:20]} Nf6 {[%emt 0:00:26]} 4. Bg2 {[%emt 0:00:13]} Bc5 {[%emt 0:00:34]} 5. e3 {[%emt 0:00:23]} a6 {[%emt 0:00:32]} 6. Nge2 {[%emt 0:01:55] A25: English Opening vs King's Indian with ...Nc6 but without early d3} d6 {[%emt 0:01:50]} 7. O-O {[%emt 0:01:30]} (7. d4 exd4 8. exd4 Ba7 9. O-O h6 10. h3 O-O 11. Be3 Ne7 12. g4 Ng6 13. Ng3 Re8 {0-1 (24) Matlakov,M (2689)-Vitiugov,N (2725) Berlin 2015}) 7... h5 {[%emt 0:03:03]} 8. d4 {[%emt 0:04:46]} Ba7 {[%emt 0:00:49]} 9. h4 {[%emt 0:07:14]} Bg4 {[%emt 0:04:54]} 10. f3 {[%emt 0:15:30]} Bd7 {[%emt 0:04:09]} 11. Kh2 {[%emt 0:00:26]} Nh7 $146 {[%emt 0:08:59]} ({Predecessor:} 11... O-O 12. a3 Ne7 13. Qd3 {0-1 (51) Guerra Reig,J (2009)-Lorenzo de la Riva,L (2352) Balaguer 2016}) 12. d5 {[%emt 0:01:42]} Ne7 {[%emt 0:00:21]} 13. f4 {[%emt 0:00:32]} Nf6 {[%emt 0:03:35]} 14. Bf3 {[%emt 0:08:12]} Ng6 {[%emt 0:03:03]} 15. Kg2 Bg4 {[%emt 0:06:15]} 16. Qa4+ {[%emt 0:13:02]} Kf8 {[%emt 0:09:25]} 17. Ng1 {[%emt 0:02:58]} Qc8 {[%emt 0:00:41]} 18. Qd1 {[%emt 0:05:23]} exf4 {[%emt 0:14:07]} 19. exf4 {[%emt 0:00:34]} Ne7 {[%emt 0:00:45]} 20. Re1 {[%emt 0:01:42]} Nf5 {[%emt 0:00:39]} 21. Ne4 {[%emt 0:03:28]} Bxg1 {[%emt 0:04:03]} 22. Nxf6 {[%emt 0:01:54]} gxf6 {[%emt 0:00:02]} 23. Bxg4 {[%emt 0:01:19]} hxg4 {[%emt 0:01:36]} 24. Rxg1 {[%emt 0:00:11]} c5 {[%emt 0:08:44]} 25. b3 {[%emt 0:08:16]} b5 {[%emt 0:00:36]} 26. Qd3 {[%emt 0:00:20]} Rb8 {[%emt 0:00:47]} 27. Rb1 {[%emt 0:01:09]} Kg7 {[%emt 0:04:35]} 28. cxb5 {[%emt 0:10:28]} axb5 {[%emt 0:00:46]} 29. Bb2 {[%emt 0:00:06]} Re8 $15 {[%emt 0:03:27]} (29... Ne7 $17) 30. Rge1 {[%emt 0:04:24]} Qd7 {[%emt 0:00:31]} 31. Rbd1 {[%emt 0:04:43]} b4 {[%emt 0:00:14]} 32. Re2 {[%emt 0:00:55]} Ra8 {[%emt 0:05:22]} 33. Rde1 {[%emt 0:00:23]} Rxe2+ {[%emt 0:00:08]} 34. Rxe2 {[%emt 0:00:39]} Ne7 {[%emt 0:02:03]} 35. Qe4 {[%emt 0:00:39]} Ra7 {[%emt 0:00:12]} 36. Kh2 {[%emt 0:00:56]} Qf5 {[%emt 0:00:40]} 37. Qxf5 {[%emt 0:00:30]} Nxf5 {[%emt 0:00:02]} 38. Kg2 {[%emt 0:00:37]} Kg6 {[%emt 0:00:35]} 39. h5+ {[%emt 0:00:18]} Kxh5 {[%emt 0:01:13]} 40. Bxf6 {[%emt 0:00:02]} Kg6 {[%emt 0:00:15]} 41. Ba1 {[%emt 0:00:25]} Re7 {[%emt 0:00:54]} 42. Rxe7 {[%emt 0:00:24]} Nxe7 {[%emt 0:00:01]} 43. Kf2 {[%emt 0:00:01]} Nxd5 {[%emt 0:00:09]} 44. Ke2 {[%emt 0:00:16]} Ne7 {[%emt 0:00:44]} 45. Bb2 {[%emt 0:00:12]} Kf5 {[%emt 0:00:11]} 46. Ke3 {[%emt 0:00:42]} Ke6 {[%emt 0:00:02]} 47. a4 {[%emt 0:00:13]} bxa3 {[%emt 0:00:02]} 48. Bxa3 {[%emt 0:00:01]} Nf5+ {[%emt 0:00:10]} 49. Kd3 {[%emt 0:00:24]} Kd5 {[%emt 0:01:20]} 50. b4 {[%emt 0:00:38]} c4+ {[%emt 0:00:08] Kd4+ Ke5+} 0-1